| 000 | 00598nam a22001937a 4500 | ||
|---|---|---|---|
| 005 | 20221104151135.0 | ||
| 008 | 221104b ||||| |||| 00| 0 eng d | ||
| 040 | _cAL | ||
| 041 | _aEnglish | ||
| 082 |
_223 _a327.101 _bGOVR |
||
| 100 |
_aGovernment of West Bengal _961049 |
||
| 245 | _aReport of the Comptroller and Auditor General of India | ||
| 260 |
_aWest Bengal _bGovernment of West Bengal _c1999 |
||
| 300 |
_axvii,94 p. _bHB _c29x21cm. |
||
| 440 |
_aNo 3 Civil _961050 |
||
| 650 |
_afor the year ended March 1999 _961047 |
||
| 700 |
_aGOVERNMENT OF WEST BENGAL _961048 |
||
| 942 |
_2ddc _cGF |
||
| 999 |
_c225014 _d225014 |
||